CS:GO Player Aliases #3 - Statistics

General Stats
  • This quiz has been taken 1,123 times
  • The average score is 13 of 20
Answer Stats
Name Alias % Correct
Jake Yip Stewie2K
90%
Ladislav Kovács GuardiaN
86%
Finn Andersen karrigan
83%
Aleksi Virolainen Aleksib
82%
Nemanja Kovač huNter
80%
Dennis Edman dennis
79%
Justin Savage jks
77%
Fernando Alvarenga fer
74%
Özgür Eker woxic
73%
Andreas Højsleth Xyp9x
73%
Mathieu Herbaut ZywOo
72%
Danylo Teslenko Zeus
64%
Spencer Martin Hiko
61%
William Wierzba RUSH
57%
Ryan Abadir freakazoid
54%
Oscar Cãnellas mixwell
48%
Fatih Dayik gob b
45%
Peter Jarguz stanislaw
41%
Kevin Tarn HS
37%
Kevin Susanto xccurate
30%
No matching quizzes found
Score Distribution
Percent of People with Each Score
Percentile by Number Answered
Your Score History
You have not taken this quiz